书目信息 |
| 题名: |
中国生物遗传资源进出境调查报告
|
|
| 作者: | 王诺 , 臧春鑫 , 杨光 主编 | |
| 分册: | 2018 | |
| 出版信息: | 北京 经济科学出版社 2019.4 |
|
| 页数: | 246页 | |
| 开本: | 29cm | |
| 丛书名: | ||
| 单 册: | ||
| 中图分类: | X176 | |
| 科图分类: | ||
| 主题词: | 生物多样性--生物资源保护--研究报告--中国--2018 | |
| 电子资源: | ||
| ISBN: | 978-7-5218-0468-3 | |
| 000 | 01386nam0 2200253 450 | |
| 001 | 202019135613 | |
| 005 | 20191007123107.0 | |
| 010 | @a978-7-5218-0468-3@dCNY54.00 | |
| 100 | @a20191004d2019 em y0chiy0110 ea | |
| 101 | 0 | @achi |
| 102 | @aCN@b110000 | |
| 105 | @ay z 000yy | |
| 106 | @ar | |
| 200 | 1 | @a中国生物遗传资源进出境调查报告@AZhong Guo Sheng Wu Yi Chuan Zi Yuan Jin Chu Jing Diao Cha Bao Gao@h2018@f王诺,臧春鑫,杨光主编 |
| 210 | @a北京@c经济科学出版社@d2019.4 | |
| 215 | @a246页@d29cm | |
| 330 | @a保护生物多样性是衡量一个国家生态文明水平和可持续发展能力的重要标志,习近平总书记在《在2018年全国环境保护工作会议上的讲话》上提出“实施生态系统保护和修复重大工程,构建生态廊道和生物多样性保护网络,推进生物遗传资源立法……加大生态保护力度……”表明了中国政府对生物多样性问题的重视程度与积极行动的态度。本报告主要立足生物多样性的调查、编目及信息系统的建立,从我国生态保护和生物资源可持续利用的角度,对生物资源进出境的变化进行长期监测,同时分析进出境活动对生物多样性将产生怎样的影响。重点关注濒危、野生与家养等生物资源研究及保护,最终提出有针对性和可行性的,基于生物资源进出境的保护对策与技术建议。 | |
| 606 | 0 | @a生物多样性@x生物资源保护@x研究报告@y中国@x2018 |
| 690 | @aX176@v5 | |
| 701 | 0 | @a王诺@AWang Nuo@4主编 |
| 701 | 0 | @a臧春鑫@AZang Chun Xin@4主编 |
| 701 | 0 | @a杨光@AYang Guang@4主编 |
| 801 | 0 | @aCN@c20190905 |
| 905 | @a河南城建学院图书馆@dX176@eW296:2018 | |
| 中国生物遗传资源进出境调查报告.2018/王诺,臧春鑫,杨光主编.-北京:经济科学出版社,2019.4 |
| 246页;29cm |
| ISBN 978-7-5218-0468-3:CNY54.00 |
| 保护生物多样性是衡量一个国家生态文明水平和可持续发展能力的重要标志,习近平总书记在《在2018年全国环境保护工作会议上的讲话》上提出“实施生态系统保护和修复重大工程,构建生态廊道和生物多样性保护网络,推进生物遗传资源立法……加大生态保护力度……”表明了中国政府对生物多样性问题的重视程度与积极行动的态度。本报告主要立足生物多样性的调查、编目及信息系统的建立,从我国生态保护和生物资源可持续利用的角度,对生物资源进出境的变化进行长期监测,同时分析进出境活动对生物多样性将产生怎样的影响。重点关注濒危、野生与家养等生物资源研究及保护,最终提出有针对性和可行性的,基于生物资源进出境的保护对策与技术建议。 |
| ● |
| 相关链接 |
|
|
|
正题名:中国生物遗传资源进出境调查报告
索取号:X176/W296:2018
 
预约/预借
| 序号 | 登录号 | 条形码 | 馆藏地/架位号 | 状态 | 备注 |
| 1 | 1444578 | 214445787 | 自科库501/501自科库 63排6列2层/ [索取号:X176/W296:2018] | 在馆 | |
| 2 | 1444579 | 214445796 | 自科库501/501自科库 63排6列2层/ [索取号:X176/W296:2018] | 在馆 |